Felhasználóbarát terméktámogatás bemutatása az SAP-nál

Bibliográfiai részletek
Szerző: Kránitz Anett
További közreműködők: Dobák Dr. Dóra Éva
Dokumentumtípus: Diplomadolgozat
Kulcsszavak:SAP
terméktámogatás
felhasználóbarát
Online Access:http://dolgozattar.uni-bge.hu/8538

MARC

LEADER 00000nta a2200000 i 4500
001 dolg8538
005 20161209100207.0
008 161209suuuu hu om 000 hun d
040 |a BGE Dolgozattár Repozitórium  |b hun 
041 |a hu 
100 1 |a Kránitz Anett 
245 1 0 |a Felhasználóbarát terméktámogatás bemutatása az SAP-nál  |c Kránitz Anett  |h [elektronikus dokumentum] 
695 |a SAP 
695 |a terméktámogatás 
695 |a felhasználóbarát 
700 1 |a Dobák Dr. Dóra Éva  |e ths 
856 4 0 |u http://dolgozattar.uni-bge.hu/8538/1/szakdolgozatKranitzAnett.pdf  |z Dokumentum-elérés 
856 4 0 |u http://dolgozattar.uni-bge.hu/8538/2/titkositas.pdf  |z Dokumentum-elérés 
856 4 0 |u http://dolgozattar.uni-bge.hu/8538/3/nyilatkozat.pdf  |z Dokumentum-elérés